| 000 | 00356pab a2200145 454500 | ||
|---|---|---|---|
| 008 | 180718b1997 xxu||||| |||| 00| 0 eng d | ||
| 100 | _aRay, Dilip | ||
| 245 | _aValues in management: present scene and future needs | ||
| 260 | _c1997 | ||
| 300 | _ap.592-96 | ||
| 362 | _aAug | ||
| 650 | _aManagement | ||
| 773 | _aManagement Accountant | ||
| 909 | _a35269 | ||
| 999 |
_c35269 _d35269 |
||